The Brazilian Catholic Church and the Struggle for Land in the Amazon
| Main Author: | |
|---|---|
| Format: | Print Article |
| Language: | English |
| Check availability: | HBZ Gateway |
| Interlibrary Loan: | Interlibrary Loan for the Fachinformationsdienste (Specialized Information Services in Germany) |
| Published: |
1995
|
| In: |
Journal for the scientific study of religion
Year: 1995, Volume: 34, Pages: 377-382 |
| RelBib Classification: | CG Christianity and Politics KAJ Church history 1914-; recent history KBR Latin America |
| Further subjects: | B
Social Justice
B Economy B church statements B Kirchliche Stellungnahme B Oikonomia B Holy See (motif) B Brazil B Catholic Church B Social justice |
MARC
| LEADER | 00000caa a22000002c 4500 | ||
|---|---|---|---|
| 001 | 596612117 | ||
| 003 | DE-627 | ||
| 005 | 20220705133523.0 | ||
| 007 | tu | ||
| 008 | 160405s1995 xx ||||| 00| ||eng c | ||
| 035 | |a (DE-627)596612117 | ||
| 035 | |a (DE-576)464712017 | ||
| 035 | |a (DE-599)GBV596612117 | ||
| 040 | |a DE-627 |b ger |c DE-627 |e rakwb | ||
| 041 | |a eng | ||
| 084 | |a 0 |2 ssgn | ||
| 100 | 1 | |a Adriance, Madeleine |4 aut | |
| 245 | 1 | 4 | |a The Brazilian Catholic Church and the Struggle for Land in the Amazon |
| 264 | 1 | |c 1995 | |
| 336 | |a Text |b txt |2 rdacontent | ||
| 337 | |a ohne Hilfsmittel zu benutzen |b n |2 rdamedia | ||
| 338 | |a Band |b nc |2 rdacarrier | ||
| 650 | 4 | |a Soziale Gerechtigkeit | |
| 650 | 4 | |a Ökonomie | |
| 650 | 4 | |a Kirchliche Stellungnahme | |
| 650 | 4 | |a Katholische Kirche | |
| 650 | 4 | |a Brasilien | |
| 650 | 4 | |a Social Justice | |
| 650 | 4 | |a Economy | |
| 650 | 4 | |a church statements | |
| 650 | 4 | |a Catholic Church | |
| 650 | 4 | |a Brazil | |
| 652 | |a CG:KAJ:KBR | ||
| 773 | 0 | 8 | |i In |t Journal for the scientific study of religion |d Malden, Mass. : Blackwell, 1961 |g Bd. 34 (1995), S. 377-382 |w (DE-627)129889083 |w (DE-600)301920-2 |w (DE-576)015193217 |x 0021-8294 |7 nnas |
| 773 | 1 | 8 | |g volume:34 |g year:1995 |g pages:377-382 |
| 776 | 1 | |o 10.2307/1386886 | |
| 935 | |a mteo | ||
| 951 | |a AR | ||
| ELC | |b 1 | ||
| ITA | |a 1 |t 1 | ||
| LOK | |0 000 xxxxxcx a22 zn 4500 | ||
| LOK | |0 001 3298915521 | ||
| LOK | |0 003 DE-627 | ||
| LOK | |0 004 596612117 | ||
| LOK | |0 005 20160405115929 | ||
| LOK | |0 008 160404||||||||||||||||ger||||||| | ||
| LOK | |0 040 |a DE-Tue135 |c DE-627 |d DE-Tue135 | ||
| LOK | |0 092 |o n | ||
| LOK | |0 852 |a DE-Tue135 | ||
| LOK | |0 852 1 |9 00 | ||
| LOK | |0 935 |a ixzs |a ixmi | ||
| LOK | |0 936ln |0 1442049278 |a KBR | ||
| LOK | |0 936ln |0 1442044640 |a KAJ | ||
| LOK | |0 936ln |0 1442043911 |a CG | ||
| LOK | |0 939 |a 04-04-16 |b l01 | ||
| ORI | |a SA-MARC-ixtheoa001.raw | ||
| REL | |a 1 | ||
| STA | 0 | 0 | |a Brazil,Brazil,Brazil,Brazil,Brazil,Northeastern Brazil,Northern Brazil,Southern Brazil,Holy See (motif),Catholic church,Catholic Church,Catholic Church,Former pilgrimage church Saint Ottilia,Oikonomia,Social justice,Social justice |
| STB | 0 | 0 | |a Brésil,Justice sociale,Justice sociale,Saint-Siège (motif),Église catholique,Église catholique,Économie |
| STC | 0 | 0 | |a Brasil,Economía,Justicia social,Justicia social,Movimiento juvenil católico |
| STD | 0 | 0 | |a Brasile,Chiesa cattolica,Giustizia sociale,Giustizia sociale,Oikonomia |
| STE | 0 | 0 | |a 天主教会,罗马公教,社会公义,社会公义 |
| STF | 0 | 0 | |a 天主教會,羅馬公教,社會公義,社會公義 |
| STG | 0 | 0 | |a Brasil,Economia,Igreja católica,Justiça social,Justiça social |
| STH | 0 | 0 | |a Бразильянец (мотив),Икономия (церковное право),Католическая церковь (мотив),Социальная справедливость (мотив),Социальная справедливость |
| STI | 0 | 0 | |a Βραζιλία (μοτίβο),Καθολική Εκκλησία (μοτίβο),Κοινωνική δικαιοσύνη (μοτίβο),Κοινωνική δικαιοσύνη,Οικονομία (εκκλησιαστικό δίκαιο) |
| SUB | |a REL | ||
| SYE | 0 | 0 | |a Social justice , Oikonomia , Katolikus Egyház,RCC,Katoličeskaj Cerkovʹ,Katoličke Cerkve,Katolska Cyrkej,Katolske Kirke,Ecclesia Catholica,Igreja Católica,Römisch-Katholische Kirche,Katholikē Ekklēsia,Catholic Church,Roman Catholic Church,Eglise Catholique,Eglise Catholique Romaine,Chiesa Cattolica,Katholieke Kerk,Iglesia Católica,Katolické Církve,Kościoł Katolicki,Katoličke Crkve,Eglise catholique romaine,Chiesa cattolica romana,Roman catholic Church,Eglise catholique,Römische Kirche , Eglise catholique,Roman Catholic Church,Catholic Church , Ehemalige Wallfahrtskirche Sankt Ottilia , Brazil , Brasil,Brazil,Imperio do Brazil,République Fédérative du Brésil,Federative Republic of Brazil,República dos Estados Unidos do Brasil,Estados Unidos do Brasil,República Federal do Brasil,Föderative Republik Brasilien,República Federativa do Brasil,Brésil,Imperio do Brasil,République des Etats-Unis du Brésil,Brazilia,Vereinigtes Königreich von Portugal, Brasilien und den Algarven |



